Statistiques concernant Bases nucléiques

Cliquez ici pour prendre le quiz!

Statistiques générales

  • Ce quiz a été pris 52 fois
  • Le résultat moyen est 4 sur 5

Statistiques - réponses

Réponse% Correct
Guanine
92%
Cytosine
89%
Adénine
86%
Thymine
86%
Uracile
69%

Distribution des résultats

Percentile par nombre de réponses

% des personnes avec chaque résultat

Votre développement - résultats

Vous n’avez pas pris ce quiz